00531nam a22001697a 450000500170000001000150001702000260003203500130005803700130007108200170008410000250010124500640012626000350019027000660022530000200029150000500031120131218114313.0 aENG-108825 c700.00a9789380164663 aEN-92358 bDBAD/PUB a350.00072054 aSolanki, Tapan Singh aResearch in public administration /cby Tapan Singh Solanki aDelhibA.K. Publicationsc2012 aB-61/E-1, Gali No. 14, Jagatpuri Ext. ShahadrabDelhie110093 a288p.c22cm(Hb) aIncludes bibliographical references and index